000 00452nam a2200181Ia 4500
005 20240724112633.0
008 131103s9999 xx 000 0 und d
040 _aLoreto College
041 _aEnglish
082 _a809
_bWES
100 _aWest, Paul
245 4 _aThe modern novel
_cPaul West
260 _aLondon
_bHutchinson university lib.
_c1967
300 _aV.1
650 _aEnglish literature - History
850 _aLCBED
942 _cBK
999 _c29410
_d79889